000 01689nam a2200349 i 4500
001 768714001
003 CO-MdFUSB
005 20241122104957.0
007 ta
008 111221t2005 -us | b 001 ||eng d
020 _a978-0-8308-2831-9
040 _aUPCO
_bspa
_cCO-MdFUSB
_dCO-MdFUSBC
_erda
041 _aeng
082 _223
_a225.67
_bF599
100 _aFlemming, Dean E.
_eautor
245 1 0 _aContextualization in the New Testament :
_bpatterns for theology and mission
_c/ Dean Flemming
264 1 _aIllinois , Estados Unidos :
_bInterVarsity Press,
_c[2005]
264 4 _c© 2005
300 _a344 páginas ;
_c23 cm
336 _2rdacontent
_atexto
_btxt
337 _2rdamedia
_asin mediación
_bn
338 _2rdacarrier
_avolumen
_bnc
505 _aIntroducción -- Contextualización en Hechos: Superando las fronteras culturales -- Contextualización en Hechos: La predicación de Pablo -- Las cartas de Pablo: hacer teología en contexto -- Pablo y la cultura: Comprometerse con el mundo grecorromano -- Pablo como Intérprete: Contextualizando la Escritura y la Tradición -- Estudios de casos de Corinto: el evangelio, la comida y el futuro -- Colosenses: el evangelio y el sincretismo -- Los Evangelios: contextualizando la historia para un público objetivo -- Apocalipsis: El Evangelio y el Imperio -- Contextualizando el Evangelio hoy -- Seleccione Bibliografía -- Índice de materias -- Índice de las Escrituras
563 _aRústica
630 0 7 _aBiblia.
_pNuevo Testamento
650 4 _aCristianismo y cultura
650 4 _aMisiones
650 4 _aAspectos religiosos.
942 _cBK
945 _aMag1104
999 _c68695
_d68695